00421nam a22001337a 4500020001800000040000900018082001500027100002200042110005700064245006000121250001800181260002800199650006000227 a9789332519084 cNUST a519.5bPRO aWalpole ,Ronald E aMyers ,Raymond .H , Myers ,Sharon .L ,Ye , Keying .E aProbability and Statistics for Engineers and Scientists aNinth Edition aIndia:bPearson,c2014. aProbability and Statistics for Engineers and Scientists